La sociedad abierta y sus ideologías
Saved in:
| Hovedforfatter: | |
|---|---|
| Format: | Bog |
| Sprog: | spansk |
| Udgivet: |
Barcelona
Herder
1989
|
| Serier: | Colección Humanum, 7
|
| Fag: | |
| Tags: |
Tilføj Tag
Ingen Tags, Vær først til at tagge denne postø!
|
MARC
| LEADER | 00000nam a2200000 a 4500 | ||
|---|---|---|---|
| 001 | UCX0953 | ||
| 003 | CL-VaPUC | ||
| 008 | 900423e19890000SP |||||||||||||||||spa|d | ||
| 082 | 0 | 4 | |a 302.5 |b UTZ |2 21 |
| 100 | 0 | |a Utz, Arthur Fridolin |e author |9 316320 | |
| 245 | 1 | 3 | |a La sociedad abierta y sus ideologías |
| 300 | |a 268 p | ||
| 942 | |c BK | ||
| 945 | |d 19900423 00:00:00 | ||
| 260 | |a Barcelona |b Herder |c 1989 | ||
| 650 | 0 | |a Ideologías |9 255200 | |
| 583 | |a last modification |c 19900423 00:00:00 |k Rodrigo Vera | ||
| 490 | 0 | |a Colección Humanum, 7 | |
| 999 | |c 222320 |d 222318 | ||
| 952 | |0 0 |1 0 |4 0 |6 302_500000000000000_UTZ_1989 |7 0 |8 A |9 216840 |a BIBTEO |b BIBTEO |d 2019-11-15 |i 2858185 |o 302.5 UTZ 1989 |p 2858185 |r 2025-01-17 |w 2019-11-15 |y BK |k ICR | ||